| 000 | 00960nam a2200301 a 4500 | ||
|---|---|---|---|
| 001 | 53290 | ||
| 003 | BD-RJUL | ||
| 005 | 20211209075935.0 | ||
| 008 | 161005s1968 enka b 001 0 eng d | ||
| 020 | _a0632010703 | ||
| 035 | _aBD-RJUL 53410 | ||
| 040 |
_aDLC _cDLC _dm.c _beng |
||
| 041 | _aeng | ||
| 082 |
_a571.6 _223 _bCLP 1968 |
||
| 100 | 1 |
_aClowes, F. A. L. _q(Frederick Albert Lionel), _d1921- . _9159290 |
|
| 245 | 1 | 0 |
_aPlant cells / _c[by] F.A.L. Clowes and B.E. Juniper. |
| 260 |
_aOxford : _bBlackwell Scientific, _c1968. |
||
| 300 |
_axvii, 546 p. : _bill. ; _c23 cm. |
||
| 490 | 1 |
_aBotanical monographs ; _vv. 8. |
|
| 500 | _aIncludes index. | ||
| 504 | _aBibliography: p. 497-528. | ||
| 650 | 0 |
_aPlant cells and tissues. _9159291 |
|
| 650 | 0 |
_aPlantes _xCellules et tissus. _9159292 |
|
| 700 | 1 |
_aJuniper, B. E. _q(Barrie Edward) _9159293 |
|
| 830 | 0 |
_aBotanical monographs ; _vv. 8. _9226689 |
|
| 942 |
_2ddc _cBK |
||
| 999 |
_c53290 _d53290 |
||